| 000 | 02237nam a2200325 a 4500 | ||
|---|---|---|---|
| 001 | 78053 | ||
| 003 | BD-RjUL | ||
| 005 | 20211209083101.0 | ||
| 008 | 210311s2009 bg ||||| m||| 00| 0 ben d | ||
| 035 | _a(BD-RjUL}78279 | ||
| 040 |
_aBD-RjUL _bben /eng _cBD-RjUL _dBD-RjUL |
||
| 041 | _aben | ||
| 082 |
_a305.420953 _bMOA 2009 _223 |
||
| 100 |
_aমোর্শেদ, মো. গোলাম _9245920 |
||
| 245 | 1 | 0 |
_aআরব উপদ্বীপে নারীদের অবস্থা (৪৬০-৬৬১ খ্রীঃ ) / _cমো. গোলাম মোর্শেদ ; _6সুপারভাইজার : মু. আব্দুল হক ; কো-সুপারভাইজার : মুহাম্মদ ইকরামুল ইসলাম |
| 260 |
_aরাজশাহী : _bআরবী বিভাগ, রাজশাহী বিশ্ববিদ্যলয়, _c২০০৯ |
||
| 300 |
_ax, ৩০৫ পাতা ; _c২৯ সেমি. |
||
| 502 | _aথিসিস (পিএইচ. ডি.) -- আরবী বিভাগ, রাজশাহী বিশ্ববিদ্যলয়, ২০০৯ | ||
| 504 | _aগ্রন্থপঞ্জী : [২৫৭]-৩০৫ | ||
| 600 |
_d _9246084 |
||
| 650 |
_aমহিলা _zআরব উপদ্বীপ _xসামাজিক পরিস্থিতি _y৪৬০-৬৬১ খ্রিষ্টাব্দ _9246008 |
||
| 650 |
_aWomen _zArabian Peninsula _xSocial conditions _y460-661 A. D. _9246009 |
||
| 650 |
_aমহিলা _zআরব উপদ্বীপ _xঅর্থনৈতিক অবস্থা _y৪৬০-৬৬১ খ্রিষ্টাব্দ _9246010 |
||
| 650 |
_aWomen _zArabian Peninsula _xEconomic conditions _y460-661 A. D. _9246011 |
||
| 650 |
_aমহিলা _zআরব উপদ্বীপ _xইতিহাস _y৪৬০-৬৬১ খ্রিষ্টাব্দ _9246012 |
||
| 650 |
_aWomen _zArabian Peninsula _xHistory. _y460-661 A. D. _9246013 |
||
| 700 |
_aহক, মু. আব্দুল, সুপারভাইজার _9245922 |
||
| 700 |
_aইসলাম, মুহাম্মদ ইকরামুল, কো-সুপারভাইজার _9245923 |
||
| 942 |
_2ddc _cTHE |
||
| 999 |
_c78053 _d78053 |
||